LIBRARY ONLINE CATALOGUE

The Oxford handbook of international Law in Armed Conflict (Record no. 18322)

MARC details
000 -LEADER
fixed length control field 00360nam a22001217a 4500
008 - FIXED-LENGTH DATA ELEMENTS--GENERAL INFORMATION
fixed length control field 200722b xxu||||| |||| 00| 0 eng d
020 ## - INTERNATIONAL STANDARD BOOK NUMBER
International Standard Book Number 0198748304
050 ## - LIBRARY OF CONGRESS CALL NUMBER
Classification number KZ6385
Item number .O94 2014 c.1
245 ## - TITLE STATEMENT
Title The Oxford handbook of international Law in Armed Conflict
Statement of responsibility, etc. Edited by ANdrew Clapham
260 ## - PUBLICATION, DISTRIBUTION, ETC. (IMPRINT)
Place of publication, distribution, etc. UK
Name of publisher, distributor, etc. OUP
Date of publication, distribution, etc. 2014
300 ## - PHYSICAL DESCRIPTION
Extent lxxxiv, 909p.
942 ## - ADDED ENTRY ELEMENTS (KOHA)
Source of classification or shelving scheme Library of Congress Classification
Koha item type General Collection
Holdings
Withdrawn status Lost status Source of classification or shelving scheme Not for loan Home library Current library Date acquired Cost, normal purchase price Total Checkouts Total Renewals Full call number Barcode Date last seen Date last checked out Price effective from Koha item type
    Library of Congress Classification   Kabarak, Main Campus Kabarak, Main Campus 22/07/2020 8539.00 6 2 KZ6385 .O94 2014 c.1 030232 17/10/2024 14/09/2024 22/07/2020 General Collection
    Library of Congress Classification   Kabarak, Main Campus Kabarak, Main Campus 22/07/2020 8539.00     KZ6385 .O94 2014 c.2 030233 22/07/2020   22/07/2020 General Collection
    Library of Congress Classification   Kabarak, Main Campus Kabarak, Main Campus 22/07/2020 8539.00 6   KZ6385 .O94 2014 c.3 030234 23/09/2024 05/09/2024 22/07/2020 General Collection
    Library of Congress Classification   Kabarak, Main Campus Kabarak, Main Campus 22/07/2020 8539.00 3 1 KZ6385 .O94 2014 c.4 030235 25/06/2025 13/06/2025 22/07/2020 General Collection
    Library of Congress Classification   Kabarak, Main Campus Kabarak, Main Campus 22/07/2020 8539.00 1 1 KZ6385 .O94 2014 c.5 030236 16/04/2021 22/03/2021 22/07/2020 General Collection